| 000 | 00660nam a2200217 a 4500 | ||
|---|---|---|---|
| 005 | 20240911064742.0 | ||
| 008 | 991125s1974 mx 000 0 spa u | ||
| 020 | _a9682303966 | ||
| 035 | _aUPN01000024449 | ||
| 049 | _aCG | ||
| 050 | 4 |
_aHX39.5 _bA4.48 1974 |
|
| 100 | 1 |
_aAlthusser, Louis, _d1918-1990 _928535 |
|
| 245 | 1 | 3 |
_aLa filosofía como arma de la revolución / _cLouis Althusser ; tr. Oscar del Barco. |
| 250 | _a6a ed. correg. y aum. | ||
| 260 |
_aMéxico : _bPasado y Presente, _c1974. |
||
| 300 | _a146 p. | ||
| 440 | 0 |
_aCuadernos de pasado y presente ; _v4 |
|
| 650 | 4 |
_aComunismo _96792 |
|
| 600 | 1 | 4 |
_aMARX, KARL, _d1818-1883 |
| 905 | _aLibro | ||
| 999 |
_c24449 _d24449 |
||